000 02170nam a2200241Ia 4500
003 Ost
005 20260507075309.0
008 260507s9999||||xx |||||||||||||| ||und||
020 _a51438977
040 _cfsecg
041 _aara
082 _a330
100 _aنسرين، عبد الحميد
_eمؤلف
245 0 _aالجرائم الاقتصادية :
_bالتقليدية ، المستحدثة /
_c عبد الحميد نسرين
260 _aالاسكندرية:
_bالمكتب الجامعي الحديث,
_c2009
300 _a458 صفحة؛
_c25 سم
520 _aالتعريف بالجريمة الاقتصادية ، أسبابها تطورها و فكرة هذه الجريمة في التشريعات المعاصرة و التحليل الفقهي و القضائي لها مع شرح الجرائم الاقتصادية أركانها المسؤولية الجنائية عنها و الاجراءات و العقوبات فيها كما تم تناول الجرائم الاقتصادية التقليدية بالتطرق الى جريمة التهريب الجمركي ، جرائم قانون النقد ، جرائم الشركات ، الضرائب ، الكسب غير المشروع ، البنوك و الائتمان و الجرائم بتزييف العملة و كذلك الجرائم الاقتصادية المستحدثة بالتطرق الى خصوصية الجريمة الاقتصادية في العالم الثالث و التحولات الاجتماعية منذ مطلع السبعينيات و قيمة الكسب غير المشروع و السلوك الواقعي و كذلك جرائم البناء و الاسكان ، ضرب السياحة ، توظيف الاموال ، الشيك و تاريخه ، النقابات المهنية ، الحساب الآلي ، غسيل الأموال ، إساءة استعمال السلطة الاقتصادية و الجرائم المتعلقة بسياسة الائتمان .
653 _aالاقتصاد
653 _aالجرائم التجارية
653 _aالجريمة و المجرمون
653 _aجرائم الأموال
942 _cكتاب
999 _c43836
_d43836